| 000 | 00947nam a2200277 i 4500 | ||
|---|---|---|---|
| 001 | 15361 | ||
| 003 | ES-MaACL | ||
| 005 | 20250827062539.0 | ||
| 007 | t| | ||
| 008 | 000216s1998 sp ||||1| spa d | ||
| 020 | _a84-7476-270-7 | ||
| 080 | _a316.752"19" | ||
| 080 | _a316.42 | ||
| 100 | 1 |
_aInglehart, Ronald. _965297 |
|
| 245 | 1 | 0 |
_aModernización y posmodernización _b: el cambio cultural, económico y político en 43 sociedades / _cRonald Inglehart. |
| 250 | _a1ª ed. | ||
| 260 |
_aMadrid : _bCentro de Investigaciones Sociológicas, _c1998. |
||
| 300 |
_a573 p. ; _c21 cm. |
||
| 490 | 1 |
_aMonografías ; _v161 |
|
| 650 | 1 | 4 |
_aValores sociales- _yS.XX. _917735 |
| 650 | 1 | 4 |
_aCambio cultural. _910688 |
| 710 | 2 |
_aCentro de Investigaciones Sociológicas (España) _92708 |
|
| 830 | 0 | 0 |
_aMonografías (Centro de Estudios Benaventanos "Ledo del Pozo") _v161 _9177262 |
| 852 |
_aES-MaACL _jL-22522 _bR.127083 |
||
| 999 |
_c15361 _d15361 |
||